IFM Opac

Markerting Management (Record no. 12280)

MARC details
000 -LEADER
fixed length control field 00402nam a2200169 4500
020 ## - INTERNATIONAL STANDARD BOOK NUMBER
International Standard Book Number 0273753363
082 ## - DEWEY DECIMAL CLASSIFICATION NUMBER
Classification number 658.8 KOT
100 ## - MAIN ENTRY--PERSONAL NAME
Personal name Keller, Kotler
9 (RLIN) 6315
245 ## - TITLE STATEMENT
Title Markerting Management
250 ## - EDITION STATEMENT
Edition statement 14th ed
260 ## - PUBLICATION, DISTRIBUTION, ETC.
Place of publication, distribution, etc. England
Name of publisher, distributor, etc. Pearson
Date of publication, distribution, etc. 2012
300 ## - PHYSICAL DESCRIPTION
Extent 131p
Other physical details :ill. ; 27cm
500 ## - GENERAL NOTE
General note Include Appendix
650 ## - SUBJECT ADDED ENTRY--TOPICAL TERM
Topical term or geographic name entry element Marketing
9 (RLIN) 207
700 ## - ADDED ENTRY--PERSONAL NAME
Personal name Keller, Kevin L
9 (RLIN) 6316
942 ## - ADDED ENTRY ELEMENTS (KOHA)
Koha item type Books
Holdings
Withdrawn status Lost status Damaged status Not for loan Home library Current library Shelving location Date acquired Total Checkouts Full call number Barcode Date last seen Price effective from Koha item type
        IFM Simiyu Campus Library IFM Simiyu Campus Library Simiyu Campus 07/26/2018   658.8 KOT 00011394 07/26/2018 02/19/2022 Books